Movies Quiz

Random Movies or Animation Quiz

Pixar Directors Quiz Stats

Quiz not verified by Sporcle

Challenge
Share
Tweet
Embed
Score 0/6 Timer 03:00
0 Plays Today
Movies Directed Director % Correct
The Incredibles, RatatouilleBrad Bird
87.7%
Toy Story, Toy Story 2, A Bug's Life, CarsJohn Lasseter
86.5%
Finding Nemo, A Bug's Life, WALL-EAndrew Stanton
83.9%
Monster's Inc., UpPete Docter
74.8%
Monsters, Inc., Toy Story 3Lee Unkrich
67.7%
Monster's Inc.David Silverman
25.2%

You're not logged in!

Compare scores with friends on all Sporcle quizzes.
Join for Free
OR
Log In

You Might Also Like...

Show Comments

Extras

Top Quizzes Today


Score Distribution

Your Account Isn't Verified!

In order to create a playlist on Sporcle, you need to verify the email address you used during registration. Go to your Sporcle Settings to finish the process.

Report this User

Report this user for behavior that violates our Community Guidelines.

Details: